Estilística del lenguaje costarricense

Gorde:
Xehetasun bibliografikoak
Egile nagusia: Bonilla, Abelardo
Formatua: Liburua
Hizkuntza:Undetermined
Argitaratua: San José, Costa Rica Departamento de Publicaciones de la Universidad de Costa Rica 1967
Gaiak:
Etiketak: Etiketa erantsi
Etiketarik gabe, Izan zaitez lehena erregistro honi etiketa jartzen!

MARC

LEADER 00000nam a2200000Ia 4500
008 170316s9999 xx 000 0 und d
090 |a 410 B-19e 
100 |a Bonilla, Abelardo 
245 |a Estilística del lenguaje costarricense 
260 |a San José, Costa Rica 
260 |b Departamento de Publicaciones de la Universidad de Costa Rica 
260 |c 1967 
300 |a 82 páginas 
650 |a LINGÜÍSTICA 
999 |c 18232  |d 18232 
040 |a cru BVZT 
942 |c 15 D  |h 410 B-19e  |2 z